000 00784cam a2200241 a 4500
001 000004864
005 20200929151524.0
008 831202s1981 sp b 000 p spa
020 _a8420618578
040 _aDO-SdBNP
_cDLC
_dDLC
082 _a861.64
_bG463a
100 1 _aGil de Biedma, Jaime,
_d1929-1990.
_914094
245 1 0 _aAntología poética /
_cJaime Gil de Biedma ; prólogo de Javier Alfaya.
260 _aMadrid :
_bAlianza,
_c1981.
300 _a134 p. ;
_c18 cm.
490 1 _aEl libro de bolsillo
490 1 _aLiteratura
_vno. 857
650 4 _aPoesía española
_9631
650 4 _aLiteratura española
_9632
700 1 _aAlfara, Javier,
_epról.
_914095
830 0 _aEl libro de bolsillo ;
_pLiteratura ;
_vno. 857.
_98060
910 _aCatalogación por copia / LC
999 _c4670
_d4670